Dolphins quiz - Statistics

General Stats
  • This quiz has been taken 35 times
  • The average score is 7 of 9
Answer Stats
Hint Answer % Correct
How many Superbowls do they have? 2
100%
When was their first Superbowl win? 1972
95%
Who is their #1 passer? Dan Marino
95%
What is their best record? 17-0, 20-0
85%
What conference are they in? AFC
85%
What year were they established? 1966
75%
What division are they in? AFC East
75%
Who is their #1 receiving leader? Mark Duper
60%
What is their worst record? 1-15
55%
No matching quizzes found
Score Distribution
Percent of People with Each Score
Percentile by Number Answered
Your Score History
You have not taken this quiz